00960cam a22002534a 45000010005000000030008000050050017000130080039000300200032000690350018001010400023001190410008001420820024001501000025001742450073001992600073002723000033003455040066003786500036004446500056004809420012005369990015005489520143005637183BD-RjUL20211208234357.0140113s2004 enka b 001 0 eng a0471489719 (acidfree paper) a(BD-RjUL)7225 aDLCcDLCdDLCbeng aeng00a519.5222bBAE 20041 aBarnett, Vic.92247410aEnvironmental statistics :bmethods and applications /cVic Barnett. aChichester, West Sussex, England ;aHoboken, NJ :bJ. Wiley,cc2004. axi, 293 p. :bill. ;c24 cm. aIncludes bibliographical references (p. [267]-284) and index. 0aMathematical statistics.922476 0aEnvironmental sciencesxStatistical methods.922477 2ddccBK c7183d7183 00102ddc40718NFICaRUCLbRUCLcReadingd2014-01-13eParagon,Dhakag110.00l0o519.5 BAE 2004r2014-01-13 00:00:00tC-1w2021-12-08yBK